00545nam a2200193Ia 4500008004100000020001800041082000800059100002300067245002100090250000600111260002900117300001000146500002400156650001400180700004300194942000700237952009000244999001700334230524s9999 xx 000 0 und d a9788131721407 bDOU aJ.F.Douglas942426 0aFluid Mechanics  a5 aNew DelhibPearsonc2013 a977p; aQuantity Number: 1 aMechanics a"J.M.Gasiorek , J.A.Swaffield"942427 cBK 00104070aTATCLbTATCLcGENd2023-05-24l0o DOUp53974r2023-05-24w2023-05-24yBK c56712d56712